Statistics for Easiest quiz of your life

Click here to take the quiz!

General Stats

  • This quiz has been taken 26 times
  • The average score is 7 of 10

Answer Stats

QuestionAnswer% Correct
What team does LeBron James play for?Lakers
96%
what you are taking is a...quiz
96%
Just select answer 4 and be right.4
92%
Who gets lost in Finding Nemo?Nemo
92%
what is 1+(-1)0
83%
What color is the Hulk?Green
79%
The...end
71%
how to spell Giannis from the Bucks, last name?Antetokounmpo
46%
Members of the first triumvrant are Julius Ceaser, Crassus, and who?Pompey
29%
How old is LeBron James?37
25%

Score Distribution

Percentile by Number Answered

Percent of People with Each Score

Your Score History

You have not taken this quiz